Rappers with the least amount of aura - Statistics

General Stats
  • This quiz has been taken 268 times
  • The average score is 2 of 9
Answers on the Grid
Answers color-coded by a green-red scale on the quiz's grid according to % correct below.
Playboy farti
Toby chip
Gunner shepardson
Lil o’s slim Jim
Yung stinky fazo Indian
Nate foster
Emily foster
Mikey mussachio
Emmett ozmun
Martin Mkenna
Jaydes girlfriend
Egyptian underground
Tortas
Gia mussachio
Mustard Kendrick mustard
67 good boy
Emily montes
Ken karton
Wifiskeleton
P diddy sus among us
505 laurel ave Najee mussachio
Brenan Janones
Mason margiela
King diddy von Ohio
 
Answer Stats
Answer % Correct
Playboy farti
88%
Yung stinky fazo Indian
21%
Mustard Kendrick mustard
13%
P diddy sus among us
13%
Emmett ozmun
9%
505 laurel ave Najee mussachio
4%
Jaydes girlfriend
1%
Mikey mussachio
1%
Mason margiela
0%
No matching quizzes found
Score Distribution
Percent of People with Each Score
Percentile by Number Answered
Your Score History
You have not taken this quiz